| 000 | 00708nam a2200229 i 4500 | ||
|---|---|---|---|
| 003 | DO-SdBNP | ||
| 005 | 20230818145704.0 | ||
| 006 | a||||gr|||| 00| 0 | ||
| 007 | ta | ||
| 008 | 230818e1996 dr ||||| |||| 00| 0 spa d | ||
| 040 |
_aDO-SdBNP _bspa _cBNPHU _erda |
||
| 082 | 4 |
_222 _bR426 |
|
| 110 | 1 |
_aRepública Dominicana _9447 |
|
| 245 | 1 | 0 |
_aLey no. 36 sobre Comercio, porte y tenencia de armas: _bdel 18 de oactubre de 1965. G. O. no. 8950./ |
| 264 | 1 |
_aSanto Domingo : _b[sin editora, _c1996 |
|
| 300 |
_a23 páginas ; _c21 cm. |
||
| 336 |
_2rdacontent _atexto _btxt |
||
| 337 |
_2rdamedia _asin mediación _bn |
||
| 338 |
_2rdacarrier _avolumen _bnc |
||
| 590 | _aInventariado 2023 / MF | ||
| 942 |
_2ddc _cLF2 |
||
| 999 |
_c54487 _d54487 |
||